One Piece: Who's Laugh is it? - Statistics

General Stats
  • This quiz has been taken 404 times
  • The average score is 7 of 12
Answer Stats
Laugh Character % Correct
Yo-ho-ho-ho-ho Brook
98%
Ma-ma-Ma-ma Big Mom
86%
Dereshishishishi Jaguar D. Saul
81%
Ze-HA-HA-HA-HA Marshall D. Teach
80%
Horohorohoro Perona
70%
Wa-RO-RO-RO-RO Kaido
66%
Gurararararara Edward Newgate
57%
Pikkya-pikkya-pikkyarara Pica
57%
Fosfosfosfos Hogback
51%
Kuaghh-shi-shi-shi Gecko Moria
27%
Wee-HA-HA-HA Jesus Burgess
27%
Fehfehfehfehfeh Foxy
22%
No matching quizzes found
Score Distribution
Percent of People with Each Score
Percentile by Number Answered
Your Score History
You have not taken this quiz